Statistics for Every Harry Chapin song that hit the Billboard hot 100

Click here to take the quiz!

General Stats

  • This quiz has been taken 4 times
  • The average score is 4 of 7

Answer Stats

Peak Chart PositionYearSong% Correct
11974Cat's In The Cradle
100%
231980Sequel
100%
241972Taxi
75%
861976Better Place To Be (Parts 1 & 2)
50%
361975WOLD
25%
441974I Wanna Learn A Love Song
25%
751972Sunday Morning Sunshine
25%

Score Distribution

Percentile by Number Answered

Percent of People with Each Score

Your Score History

You have not taken this quiz